000 00312nam a2200133 a 4500
008 990113s1966||||xx 0 und c
040 _aSNK
_bslo
_cSNK
_eAACR2
100 1 _aDreiser, Theodore
245 1 0 _aSestra Carrie
260 _aBratislava
_bTatran
_c1966
020 _c25
044 _axo
_cSK
041 _aslo
999 _c10293
_d10293